| 000 | 00761cam a22002411 4500 | ||
|---|---|---|---|
| 999 |
_c232481 _d232481 |
||
| 001 | 9715032 | ||
| 003 | Nust | ||
| 005 | 20170218160558.0 | ||
| 008 | 820817s1938 enk 000 1 eng | ||
| 010 | _a 38036253 | ||
| 020 | _a9780099476399 | ||
| 035 | _a(OCoLC)8693880 | ||
| 040 |
_aDLC _cLNT _dLNT _dDLC |
||
| 050 | 0 | 0 |
_aPZ3.H514 _bRo _aPR6015.E795 |
| 082 |
_a823.912 _bHEY |
||
| 100 | 1 |
_aHeyer, Georgette, _d1902-1974. |
|
| 245 | 1 | 0 | _aRoyal escape. |
| 260 |
_aLondon, _bW. Heinemann _c1938 |
||
| 300 |
_a391 p. _c20 cm. |
||
| 500 | _a"First published 1938." | ||
| 504 | _aBibliography: | ||
| 600 | 0 | 0 |
_aCharles _bII, _cKing of England, _d1630-1685 _xFiction. |
| 906 |
_a7 _bcbc _coclcrpl _du _encip _f19 _gy-gencatlg |
||
| 942 |
_2ddc _cBK |
||